Stomatologická starostlivosť v SR ...

Bibliographic Details
Format: Serial
Language:Slovak
PhysicalDescription:zv. grafy, ilustr., tab. 21 cm
Published: Bratislava Ústav zdravotníckych informácií a štatistiky 1995-
Bratislava Národné centrum zdravotníckych informácií
Series:Zdravotnícka štatistika
Subjects:

MARC

LEADER 00000cas a2200000 a 4500
001 vtls010489641
003 SK-MaSNL
005 20260425194126.0
008 130212u199520uuxo ar s 000 b0slo
040 |a snk  |b slo  |c SNK  |e AACR2 
041 0 |a slo 
043 |a e-xo--- 
044 |a xo  |c SK 
072 7 |a 616.31  |x Stomatológia  |2 konspekt 
072 7 |a 311  |x Štatistika  |2 konspekt 
080 |a 616.31  |2 2001 
080 |a 616.31-084  |2 2001 
080 |a (437.6)  |2 2001 
080 |a (083.41)  |2 2001 
080 |a (058)  |2 2011 
245 0 0 |a Stomatologická starostlivosť v SR ... 
260 |a Bratislava  |b Ústav zdravotníckych informácií a štatistiky  |c 1995- 
260 2 |3 2006-  |a Bratislava  |b Národné centrum zdravotníckych informácií 
300 |a zv.  |b grafy, ilustr., tab.  |c 21 cm 
310 |a 1x ročne 
362 0 |a 1994- 
490 1 |a Zdravotnícka štatistika 
500 |a Súčasťou názvu je označenie kalendárneho roku 
500 |a Každé vydanie v edícii je samostatne číslované 
650 0 7 |a stomatológia  |2 SNKPH  |9 917 
650 0 7 |a preventívna stomatológia  |2 SNKPH  |9 268165 
650 0 7 |a Stomatology  |2 SNKPHeng  |9 268166 
650 0 7 |a Preventive dentistry  |2 SNKPHeng  |9 268167 
651 7 |a Slovensko  |2 SNKPH  |9 14231 
651 7 |a Slovakia  |2 SNKPHeng  |9 92630 
655 7 |a štatistiky  |2 SNKPH  |9 70182 
655 7 |a ročenky  |2 SNKPH  |9 57146 
655 7 |a Statistics  |2 SNKPHeng  |9 265580 
655 7 |a Yearbooks  |2 SNKPHeng  |9 120938 
830 0 |a Zdravotnícka štatistika  |9 265595 
910 |a snk 
999 |c 4610  |d 6540 
952 |a SNK  |b SNK  |y PREZ  |7 0  |p 17A1460739  |o snkČSC 4208/2005  |i snk2021/12517  |8 7  |0 0  |1 0  |4 0  |d 2021-09-14  |l 0  |r 2026-02-21 19:29:02  |w 2026-02-21 
952 |a SNK  |b SNK  |y PREZ  |7 0  |p 17A1460740  |o snkČSC 4208/2006  |i snk2021/12519  |8 7  |0 0  |1 0  |4 0  |d 2021-09-14  |l 0  |r 2026-02-21 19:29:02  |w 2026-02-21 
952 |a SNK  |b SNK  |y PREZ  |7 0  |p 17A1460741  |o snkČSC 4208/2008  |i snk2021/12520  |8 7  |0 0  |1 0  |4 0  |d 2021-09-14  |l 0  |r 2026-02-21 19:29:02  |w 2026-02-21 
952 |a SNK  |b SNK  |y PREZ  |7 0  |p 17A1460742  |o snkČSC 4208/2009  |i snk2021/12521  |8 7  |0 0  |1 0  |4 0  |d 2021-09-14  |l 0  |r 2026-02-21 19:29:02  |w 2026-02-21 
952 |a SNK  |b SNK  |y PREZ  |7 0  |p 17A1060885  |o snkČSC 4208/1994  |i snk2013/3278  |8 1  |0 0  |1 0  |4 0  |d 2013-02-12  |l 0  |r 2017-06-30 00:00:00  |w 2026-02-21